000 00703nam a2200277Ia 4500
005 20260324125308.0
008 008 260324s9999 xx 000 0 eng d
020 _a9780429120824
037 _aEBOOK
040 _aCRL
040 _beng
040 _cCRL
041 _2eng
041 _aeng
084 _qCRL
100 _aNathan Blaunstein; Shlomi Arnon; Natan Kopeika; Arkadi Zilberman
_91177441
245 0 _aApplied Aspects of Optical Communication and LIDAR
260 _bTaylor and Francis
260 _c2009
365 _a
365 _b355
856 _uhttp://www.taylorfrancis.com/books/9780429120824
942 _cEBOOK
999 _c1772556
_d1772556